000 00725nam a2200217 a 4500
001 BRCA_5784
005 20190320205220.0
008 090311s1905----gw-a######---#000-0#ger-#
041 _ager
044 _agw
050 4 _aN6934
_b.F56 1905
100 1 _aFloerke, Hanns
_d1875-1944
_914671
245 1 0 _aStudien zur niederländischen Kunst-und Kulturgeschichte
_bdie Formen des Kunsthandels, das Atelier und die Sammler in den Niederlanden vom 15-18 Jahrhundert
_cvon Hanns Floerke.
260 _aMunich
_bGoorg Müller
_c1905
300 _aviii, 231 p.
_bil.
_c22 cm.
500 _aEstado físico: portada y lomo desprendido
500 _aG9
650 1 4 _aArte
_xHistoria
_zHolanda
_914672
902 _aGFM
942 _2lcc
_cB
999 _c5473
_d5473